| 000 | 00452cam a2200169ua 4500 | ||
|---|---|---|---|
| 003 | OSt | ||
| 008 | 250707b |||||||| |||| 00| 0 eng d | ||
| 020 | _a9788131806661 | ||
| 082 |
_a624.18341 _bPUN/RE |
||
| 100 | _aPunmia, B C. | ||
| 245 | _aReinforced concrete structures, Vol 2 / | ||
| 260 |
_aNew Delhi : _bLaxmi publications , _c2008. |
||
| 300 | _a1143 ; . | ||
| 700 | 1 |
_aJain, Arun K . _9570 |
|
| 700 | 1 |
_aJain, Ashok K . _9463 |
|
| 942 | _cBK | ||
| 999 |
_c13246 _d13246 |
||